Towards a culture of biodiversity conservation (Registro nro. 13186)
[ vista simple ]
| 000 -CABECERA | |
|---|---|
| Campo de control | 002970000a22001090004500 |
| 090 ## - CLASIFICACIÓN LOCAL | |
| Colección | AR |
| Consecutivo | 03999 |
| 041 0# - IDIOMA | |
| Código de idioma para texto/pista de sonido o título separado | |
| 100 1# - ASIENTO PRINCIPAL--NOMBRE PERSONAL | |
| Nombre personal | Halffter, Gonzalo |
| 245 10 - MENCION DE TITULO | |
| Título | Towards a culture of biodiversity conservation |
| 773 1# - Item fuente: | |
| Título | Acta Zoológica mexicana |
| Descripción física | 2 |
| Paginas del Articulo | 133-153 |
| Lugar, editorial y fecha de publicación | 2005 |
| Información sobre la relación | 21 |
| 942 ## - ELEMENTOS ADICIONALES (KOHA) | |
| Tipo de ítem | Artículo |
| Withdrawn status | Lost status | Damaged status | No para préstamo | Colección | Ubicación Permanente | Ubicación actual | Fecha de adquisición | Fuente de Valor | Datos de publicación Seriada | Total Checkouts | Número topográfico | Inventario / Código de Barras | Date last seen | Ejemplar | Price effective from | Forma de adquisición | Tipo de material |
|---|---|---|---|---|---|---|---|---|---|---|---|---|---|---|---|---|---|
| No para Préstamo | Hemeroteca | Bogotá | Bogotá | 02/08/2005 | Alvarez, Mauricio | Fuera de circulación | AR 03999 | 019605 | 25/03/2015 | 1 | 25/03/2015 | Artículo |